000 01971cam a22005054i 4500
003 PE-LiUPU
005 20250731165619.0
008 150616s r 000 0 d
035 _a(Sirsi) a6003
035 _a(Sirsi) a6003
040 _aPE-LiUPU
_bspa
_cPE-LiUPU
_erda
049 _aPRUA
082 0 4 _a221.008
_bAB
_221
100 1 _aPelletier, Anne - Marie,
_eautor.
245 1 0 _aLectures du cantique des cantiques :
_bde L'enigme du sens aux figures du lecteur.
_n121 /
_cAnne - Marie Pelletier.
264 1 _aRoma :
_bEditrice Pontificio Istituto Biblico,
_c1989.
300 _a446 páginas ;
_c24 cm.
336 _atext
_2rdacontent
337 _aunmediated
_2rdamedia
338 _avolume
_2rdacarrier
490 0 _aAnalecta Biblica ;
_v121
505 0 _aBilan D'une histoire critique.- Les Limites theoriques, ou le second cercle critique.- Mise en place d'une nouvelle problématique.- Le cantique des cantiques a l'age patristique, lectures et usages.- Therese D'avila ou la liberte de L'epouse.
526 _aSEG44
526 _aSEG26
526 _aP151
526 _aP150
526 _aP149
526 _aP146
526 _aP145
526 _aP126
526 _aP125
526 _aP92
526 _aP75
526 _aP74
526 _aP27
526 _aP15
630 _aBiblia.
_pA.T.
_pCantares
_xComentarios.
910 _ajck
_bjvq
_cjck
942 _2ddc
_cBOOK
949 _aRC 221.008 AB 121
_wDEWEY
_c1
_i31838
_lRC
_mBUL
_r0
_sY
_tBOOK
_u2015-6-16
_xTEOLOGIA
_zUNKNOWN
_0COMPRA
_o.CIRCNOTE. No olvidar cambiar la fecha de devolución!!!!!!!
_o.STAFF. Colección General
994 _aC0
_bPEPRU
596 _a1
999 _aRC 221.008 AB 121
_wDEWEY
_c57091
_i31838
_f2021-11-8
_g6
_lCCODEBUL1
_mBUL
_r1
_sY
_tBOOK
_u2015-6-16
_xTEOLOGIA
_zUNKNOWN
_0COMPRA
_o.CIRCNOTE. No olvidar cambiar la fecha de devolución!!!!!!!
_o.STAFF. Colección General
_d57091
980 _81
_gALBERTO SANCHEZ Responsable de Automatización